000 00722cam a22002293a 4500
001 9247
003 PGUSA
005 20140828083209.0
008 051101s2005||||xxu|||||s|||||000 1 eng d
040 _aPGUSA
_beng
042 _adc
050 4 _aPS
100 1 _aHawthorne, Nathaniel,
_d1804-1864
245 1 0 _aFragments from the Journal of a Solitary Man :
_b(From: "The Doliver Romance and Other Pieces: Tales and Sketches")
_h[electronic resource] /
_cNathaniel Hawthorne
260 _bProject Gutenberg,
_c2005
506 _aPublic domain in the USA.
516 _aElectronic text
653 _aDiary fiction
830 0 _aProject Gutenberg
_v9247
856 4 0 _uhttp://www.gutenberg.org/ebooks/9247
942 _cEB
999 _c238503
_d238503